[Event "40th Plunge Open-A 2020"]
[Site "Plunge"]
[Date "2020.07.14"]
[Round "3.6"]
[White "Stremavicius, Pijus"]
[Black "Bagdanskis, Dangis"]
[Result "1-0"]
[WhiteElo "2163"]
[BlackElo "1916"]
[Annotator "TA"]
[PlyCount "97"]
[EventDate "2020.07.13"]
[EventType "swiss"]
[EventCountry "LTU"]
[SourceTitle "playchess.com"]
[Source "ChessBase"]
[SourceQuality "1"]

{[%evp 9,97,34,78,84,82,88,81,87,87,70,112,114,113,120,136,136,137,125,127,122,145,129,144,139,153,131,132,130,129,131,147,137,137,133,133,120,127,87,105,75,93,100,83,68,147,80,89,75,69,37,110,-37,-37,-37,-37,-45,7,0,0,0,0,0,47,45,79,0,82,79,91,66,60,43,33,43,56,36,63,62,542,535,631,319,758,758,891,777,29992,12833,29997,29998]} 1. Nf3 Nf6 2. c4 e6 3. g3 d5 4. Bg2 Bd6 5. O-O h5 {[#]} 6. d4 $146 {A13: English Opening: 1...e6.} ({Predecessor:} 6. cxd5 h4 7. e4 Ng4 8. e5 Nxe5 9. Nxe5 Bxe5 10. d4 Bd6 11. Nc3 c6 12. dxe6 Bxe6 {½-½ (29) Welter,B (1659)-Buech,C (1702) Homburg 2010}) 6... c6 7. Bg5 Nbd7 8. Nbd2 {White is better.} Be7 9. Qc2 Nh7 10. Bxe7 Qxe7 11. e4 dxe4 12. Nxe4 O-O 13. Rfe1 Ndf6 14. Nc3 Qc7 15. Rad1 Bd7 16. Ne5 Rad8 17. c5 Bc8 18. a3 Nd5 19. Ne4 Ndf6 20. Nd6 Ne8 21. Ndc4 Nhf6 22. b4 Nd5 23. f4 g6 24. h3 Ng7 25. Qf2 Kh7 26. Nd6 Ne8 ({Black should play} 26... Nf5 $14) 27. Ne4 (27. f5 $142 gxf5 28. Bxd5 cxd5 29. Qf3) 27... Kg7 28. Rf1 Nef6 29. Ng5 a6 ({Better is} 29... Ng8 $14) 30. Qc2 (30. Rd3 $16) 30... Ne3 $1 $15 {[%csl LRc2,LRd1,LRf1][%mdl 64] [#] Double Attack} 31. Qd3 Nxf1 32. Rxf1 Qe7 (32... Ng8 $15) 33. g4 hxg4 34. hxg4 Nh7 35. Ngf3 Rh8 36. g5 $40 {[%mdl 128] White is up to no good.} Nf8 37. Qe4 (37. Qc3 $16 {d5! is the strong threat.} Kg8 38. Re1) 37... f6 (37... Rh5 $11) 38. gxf6+ $16 Qxf6 39. Ng5 {[%cal Bf3g5,Bg5e4,Be4d6][%mdl 32]} Rh5 $1 40. Qe3 {[%mdl 1024] White has compensation.} Nh7 $1 41. Ne4 Qh4 42. Rf3 $1 {[%cal Rf3h3] Black must now prevent Rh3.} Rf8 43. Nd6 Qf6 $4 {[%mdl 8192] A mistake that costs the game.} (43... Nf6 $1 $14) 44. Rg3 $18 Rh6 45. Be4 {Hoping for Bxg6.} Qh4 $2 (45... Qxf4 46. Qxf4 Rxf4 47. Nxg6 (47. Bxg6 Rxd4 48. Bd3+ Ng5 $14) 47... Rxe4) 46. Nxg6 Rxg6 47. Bxg6 Rg8 {[#]} 48. Bxh7+ (48. Bf7+ $142 $1 Kh6 49. Bxg8 Ng5 50. Rxg5 Qxg5+ {[%mdl 64] Remove Defender} 51. fxg5+ Kg6 52. Bf7+ Kg7 53. Qe5+ Kh7 54. Qh2+ Kg7 55. Qh6#) 48... Kxh7 49. Qe4+ {Accuracy: White = 71%, Black = 61%.} 1-0

[Event "40th Plunge Open-A 2020"]
[Site "Plunge"]
[Date "2020.07.14"]
[Round "3.7"]
[White "Martinkus, Rolandas"]
[Black "Bagvilas, Lukas"]
[Result "1-0"]
[WhiteElo "2117"]
[BlackElo "1907"]
[Annotator "TA"]
[PlyCount "95"]
[EventDate "2020.07.13"]
[EventType "swiss"]
[EventCountry "LTU"]
[SourceTitle "playchess.com"]
[Source "ChessBase"]
[SourceQuality "1"]

{[%evp 14,95,16,16,60,25,42,33,96,102,177,168,272,263,356,358,331,349,587,429,470,441,426,347,360,342,344,335,420,362,364,373,365,380,350,329,360,147,145,145,152,139,174,172,197,177,233,233,233,231,647,635,731,731,722,718,707,709,1001,943,922,870,879,487,826,954,942,924,704,743,574,219,560,256,5448,5448,5448,4608,4666,4627,2414,4574,1395,1597]} 1. d4 d6 2. e4 Nf6 3. Nc3 g6 4. Be2 Bg7 5. h4 h5 6. Bg5 c6 7. Qd2 b5 8. a3 Bb7 {B07: Pirc Defence: Miscellaneous Systems.} 9. Nf3 a5 10. e5 {[#]} Ng4 $146 (10... dxe5 $1 $14 11. Nxe5 Nbd7) ({Predecessor:} 10... b4 11. exf6 bxc3 12. Qe3 Bf8 13. fxe7 Bxe7 14. bxc3 Ba6 15. Bxa6 Nxa6 16. Rb1 Ra7 {1-0 (42) Scarella,E (2255)-Romero,L Santiago de Chile 1992}) 11. e6 $16 fxe6 (11... f6 $16) 12. Bd3 $18 Qc7 (12... Kd7 {was called for.} 13. Bxg6 Kc7) 13. Bxg6+ Kd7 14. O-O Na6 15. Rfe1 b4 $2 (15... Bf6 16. Qe2 Kc8 17. Qxe6+ Kb8) 16. Qe2 e5 17. dxe5 Nxe5 18. Nxe5+ Bxe5 19. Rad1 Kc8 20. Na4 c5 {and if ...Qc6 works, Black does fine.} 21. f4 Bd4+ {[#]} 22. Rxd4 $1 {[%mdl 512]} cxd4 23. Qe6+ (23. Qxe7 Kb8 $18) (23. Bxh5 Ra7 $16) (23. Bxe7 Nc5 $16) 23... Kb8 {next ...Qc6! is good for Black.} 24. Bxe7 ({Not} 24. Qxe7 Qc6 $16) 24... Ka7 25. Qxd6 (25. Qf6 $18 {is more deadly.} Rad8 26. Bxd8 Rxd8 27. Re7) 25... Qxd6 $16 26. Bxd6 Rhg8 {[#]} 27. f5 $1 Rac8 {[#]} 28. Re2 $1 Rc6 29. Be5 bxa3 (29... Rc4 $142) 30. Bxd4+ Kb8 31. bxa3 Rc4 $2 (31... Rcxg6 32. fxg6 Rxg6 33. Re8+ Kc7 34. Re7+ Kb8 35. Re8+ Kc7 36. Re7+ Kb8 37. Be5+ Kc8) 32. Be5+ $18 Ka7 33. Bf7 {[%mdl 64] Double Attack} Rxg2+ 34. Rxg2 Rxa4 35. Rg7 Kb6 36. Bb3 Rxh4 37. f6 {Hoping for f7.} Nc5 38. Bd6 {aiming for f7.} a4 (38... Rh1+ $142 39. Kf2 Ne4+ 40. Kg2 Nxf6+ 41. Rxb7+ Kc6 42. Kxh1 Kxb7) 39. Bxc5+ Kxc5 40. Rxb7 {And now Rb4! would win.} axb3 41. cxb3 {[%mdl 4096] Endgame KR-KR} Rf4 42. Rh7 $2 (42. b4+ Kc6 43. Ra7) 42... h4 $2 (42... Rxf6 43. Rxh5+ Kc6) 43. f7 (43. b4+ $142 Kd5 44. f7) 43... Kb5 $2 (43... h3 44. a4 (44. Rxh3 Rxf7 45. Rh5+ Kc6 $16) 44... Rf3) 44. Kg2 {White is clearly winning.} Ka5 45. Kh3 Kb5 46. a4+ Ka5 47. Rg7 Kb6 {[#]} 48. b4 $1 {Accuracy: White = 68%, Black = 32%.} 1-0

[Event "40th Plunge Open-A 2020"]
[Site "Plunge"]
[Date "2020.07.14"]
[Round "3.8"]
[White "Sarauskas, Andrius"]
[Black "Salna, Aleksandras"]
[Result "1-0"]
[WhiteElo "1900"]
[BlackElo "2063"]
[Annotator "TA"]
[PlyCount "75"]
[EventDate "2020.07.13"]
[EventType "swiss"]
[EventCountry "LTU"]
[SourceTitle "playchess.com"]
[Source "ChessBase"]
[SourceQuality "1"]

{[%evp 20,75,-4,-18,-17,-32,-8,-25,-17,-37,7,9,1,0,30,20,60,55,81,50,62,60,49,26,64,56,101,85,102,105,103,101,112,88,121,39,138,151,543,119,997,1006,933,1013,999,1004,967,970,943,918,986,977,978,953,2923,2890,2425,2239]} 1. c4 c6 2. Nf3 d5 3. g3 Nf6 4. Bg2 Bf5 5. b3 e6 6. O-O Be7 7. Bb2 O-O 8. d3 h6 9. Nbd2 a5 10. a3 Nbd7 11. Ra2 $1 {[%mdl 4] outshines the older 11.Qc2.} Re8 {A12: English Opening: 1...c6 with b3 by White.} 12. Qa1 Bf8 13. h3 Bh7 {[#] Black has an edge.} 14. Rc1 $146 ({Predecessor:} 14. g4 Qe7 15. Ne5 Nxe5 16. Bxe5 Nd7 17. Bc3 Qd6 18. Rb1 e5 19. cxd5 cxd5 20. b4 {1-0 (66) Mohamed,M (2244)-Rayner,F (2083) Batumi 2018}) 14... b5 15. cxb5 cxb5 16. a4 bxa4 17. bxa4 Nb8 18. Nd4 Nfd7 19. N2b3 Na6 20. Nc6 Qb6 21. Bd4 Nac5 ({Reject} 21... Qxb3 22. Rb1 $16) 22. Nxc5 Bxc5 23. Rac2 {[%cal Rd4c5]} Qxc6 24. Bxc5 Nxc5 25. Rxc5 Qd7 26. Qd4 Reb8 {[#]} 27. Rc7 (27. e4 $1 $16) 27... Qd6 {[#]} ({Black should play} 27... Qe8 $14) 28. e4 $1 $16 Qb4 $2 (28... Bg6 $16) 29. Qe5 $2 $40 {[%mdl 128] White is out for blood.} (29. Qxb4 $18 axb4 30. exd5 exd5 31. Bxd5 {[%mdl 64] Double Attack} Bxd3 32. Bxa8 Rxa8 33. Rc8+ Rxc8 34. Rxc8+ Kh7 35. a5) 29... dxe4 $2 {[%mdl 8192] [#]} (29... Re8 $16) 30. Rxf7 $1 $18 {[%mdl 576] Clearance. White is clearly winning.} Kxf7 31. Rc7+ Qe7 32. Rxe7+ Kxe7 33. Qxg7+ {[%mdl 64] Double Attack} Kd6 34. Qxh7 e3 35. fxe3 Rb1+ 36. Kh2 Rf8 37. d4 Rb2 38. e4 {Accuracy: White = 73%, Black = 28%.} 1-0

[Event "40th Plunge Open-A 2020"]
[Site "Plunge"]
[Date "2020.07.14"]
[Round "3.9"]
[White "Narmontas, Raimondas"]
[Black "Greicius, Pijus"]
[Result "1/2-1/2"]
[WhiteElo "2004"]
[BlackElo "1893"]
[Annotator "TA"]
[PlyCount "23"]
[EventDate "2020.07.13"]
[EventType "swiss"]
[EventCountry "LTU"]
[SourceTitle "playchess.com"]
[Source "ChessBase"]
[SourceQuality "1"]

{[%evp 10,23,4,-5,-2,-8,-4,-8,-4,-41,18,3,4,31,30,22]} 1. e4 e5 2. Nf3 Nc6 3. Bb5 a6 4. Bxc6 dxc6 5. d3 Bd6 6. Nbd2 Ne7 {C68: Ruy Lopez: Exchange Variation, sidelines.} 7. Nc4 Ng6 8. Be3 O-O {[#]} 9. h4 $146 ({Predecessor:} 9. O-O f5 10. exf5 Bxf5 11. Bg5 Qd7 12. Nh4 Rae8 13. Ne3 Nxh4 14. Bxh4 Bg6 15. f3 {0-1 (23) Stransky,E-Berggreen,A ICCF corr 1984}) 9... b5 ({Black should try} 9... Bg4 $15) 10. h5 $11 bxc4 11. hxg6 fxg6 12. dxc4 {A rather calm draw.} 1/2-1/2

[Event "40th Plunge Open-A 2020"]
[Site "Plunge"]
[Date "2020.07.14"]
[Round "3.10"]
[White "Sibajeva, Marija"]
[Black "Baumilas, Silvestras"]
[Result "1/2-1/2"]
[WhiteElo "2060"]
[BlackElo "1474"]
[Annotator "TA"]
[PlyCount "115"]
[EventDate "2020.07.13"]
[EventType "swiss"]
[EventCountry "LTU"]
[SourceTitle "playchess.com"]
[Source "ChessBase"]
[SourceQuality "1"]

{[%evp 9,115,21,28,10,44,48,62,41,143,69,62,43,44,48,69,49,38,22,34,4,40,33,57,25,22,19,138,160,151,137,140,139,208,198,212,178,195,-158,-131,-129,-120,-160,-147,-145,-145,-183,-173,-206,-205,-200,-202,-201,-203,-198,-209,-197,-192,-370,-394,-366,-275,-273,-265,-255,-192,-182,-186,-172,-61,-145,-145,-165,-70,-88,0,0,139,8,8,-2,-6,-2,-6,-84,-84,-82,-82,-1993,-407,-355,-335,-516,-80,-360,-324,-365,-77,-79,0,0,0,0,0,0,0,0,0,0]} 1. e4 c5 2. Nf3 d6 3. d4 Nf6 4. Nc3 cxd4 5. Qxd4 Nc6 6. Bb5 {B53: Sicilian: 2...d6: Lines with Qxd4.} a6 7. Bxc6+ $1 bxc6 8. e5 $1 {[%cal Re5f6] White is slightly better.} Ng8 (8... dxe5 $14 9. Qxd8+ (9. Qxe5 Nd5 $14) 9... Kxd8) 9. Bf4 (9. exd6 $16 Qxd6 10. Qa4) 9... d5 $1 $14 10. Na4 e6 11. O-O Rb8 {[#] And now ...Rb4 would win.} 12. a3 $146 ({Predecessor:} 12. b3 Ne7 13. Qa7 Bb7 14. c4 Ng6 15. Bd2 Ba8 16. Ba5 Qc8 17. cxd5 exd5 18. e6 {1-0 (27) Trevisan,L (2166)-Fabian,P Latschach 2006}) 12... Ne7 13. Qc3 $36 {[%mdl 2048] White is pushing.} Nf5 14. Rad1 ({Don't go for} 14. Qxc6+ $2 Bd7 $19) 14... Bd7 15. b4 Be7 16. Nd4 (16. g4 {with more complications.} Nh4 17. Nxh4 Bxh4 18. Nc5 Be7 19. Be3) 16... Nxd4 17. Rxd4 f5 (17... a5 $11 {remains equal.}) 18. exf6 $1 $16 {[%mdl 64] Discovered Attack} Bxf6 19. Bxb8 Qxb8 20. Nc5 Qc8 (20... Bc8 $16) 21. Re1 $18 O-O 22. Qd3 e5 23. Rxd5 $2 ({White must play} 23. Nxd7 $18 Qxd7 24. Rde4) 23... cxd5 24. Qxd5+ Rf7 25. Rd1 {[%cal Rc5d7]} Be8 26. Ne4 {Black should prevent Nd6.} Qc6 ({Don't play} 26... Qxc2 27. Nd6 $15) 27. c4 Qxd5 28. cxd5 Rd7 29. d6 {[#] intending Nc5.} Be7 $1 {[%mdl 576] Pin} 30. f3 (30. dxe7 Rxd1#) 30... Bg6 31. Rd5 Kf7 32. Rxe5 Bxd6 33. Ng5+ $2 (33. Nxd6+ Rxd6 34. Kf2) 33... Kf6 $19 34. Ra5 h6 35. Ne4+ Bxe4 36. fxe4 {[%mdl 4096] Endgame KRB-KR} Rb7 37. Rxa6 Ke5 38. Kf2 Bc7 (38... Rc7 $19 39. Kf3 Rc3+ 40. Kg4 Rd3) 39. Kf3 (39. Ke3 $15) 39... Kd4 $1 $17 40. h3 Kc4 (40... Be5 $19 {Strongly threatening ...Rc7.} 41. Ra8 Rf7+ 42. Ke2 Rc7) 41. Re6 Kb3 (41... Bb6 $17 42. Rc6+ Kb3) 42. Re7 $1 $11 g5 (42... Kxa3 $11 43. b5 Ra7) 43. b5 (43. e5 $16) 43... Ra7 44. Re6 {Hoping for b6.} Rxa3 45. b6 Kc4+ 46. Ke2 (46. Kg4 $11 Bh2 47. Rxh6) 46... Bf4 $17 47. Rxh6 Kd4 {...g4 is the strong threat.} 48. h4 $2 {[%mdl 8192]} (48. Rh7 $17) 48... Re3+ (48... g4 $142 {( -> ...Ra2+)} 49. Rh7 Ra2+ 50. Kf1 Rb2) 49. Kd1 $19 g4 $1 ({Inferior is} 49... Rxe4 50. hxg5 Bxg5 51. b7 $11) 50. Rh8 (50. Rf6 {keeps fighting.} Bg3 51. Rf7) 50... Rg3 $2 (50... Rb3 $19 {and Black stays clearly on top.} 51. Kc2 Rxb6) 51. e5 $2 {[%mdl 8192]} (51. Rd8+ $17 Kxe4 52. Re8+ Kd5 53. h5) 51... Bxe5 52. Rd8+ {[#]} Kc5 $2 (52... Ke4 $1 $19 {is more deadly.} 53. b7 Rxg2) 53. b7 {[#]} Rxg2 (53... Rb3 $1 $17 {[%cal Rb3b7]} 54. Rd7 Kc6) 54. b8=Q $11 {The position is equal.} Bxb8 55. Rxb8 Rh2 56. Rg8 Rxh4 57. Ke2 Kd5 58. Kf2 {What a bad dream for Black. Accuracy: White = 53%, Black = 54%.} 1/2-1/2

[Event "40th Plunge Open-A 2020"]
[Site "Plunge"]
[Date "2020.07.15"]
[Round "4.1"]
[White "Pultinevicius, Paulius"]
[Black "Vardanyan, Aras"]
[Result "1-0"]
[WhiteElo "2512"]
[BlackElo "2178"]
[Annotator "TA"]
[PlyCount "43"]
[EventDate "2020.07.13"]
[EventType "swiss"]
[EventCountry "LTU"]
[SourceTitle "playchess.com"]
[Source "ChessBase"]
[SourceQuality "1"]

{[%evp 12,43,17,22,247,246,256,245,248,261,288,305,306,289,290,291,563,570,812,788,783,775,1081,949,890,950,1179,1198,1198,1200,1200,1028,1198,1191]} 1. Nf3 c5 2. c4 Nc6 3. Nc3 Nf6 4. e3 e5 5. d4 cxd4 6. exd4 e4 7. Ne5 Qa5 $2 {A34: Symmetrical English: 2 Nc3, lines with ...d5.} (7... Bb4 $11 {and Black stays safe.}) 8. c5 $18 d5 9. Bb5 Bd7 {White is clearly better.} 10. Nxd7 {[#]} Kxd7 $146 ({Predecessor:} 10... Nxd7 11. Bd2 Qd8 12. Qa4 Rc8 13. Be3 Be7 14. Nxd5 Nxc5 15. dxc5 Qxd5 16. Rd1 Qe5 17. Qxa7 {½-½ (35) Lerner,K (2549)-Nabaty,T (2504) Tel Aviv 2009}) 11. O-O Be7 12. Bf4 Rhc8 13. f3 exf3 $2 (13... e3 {is a better defense.} 14. a3 Ke8 15. Bxe3 Kf8) 14. Qxf3 {White is clearly winning.} Ke8 15. Rae1 {Threatens to win with Bh6!} Kf8 {[#]} 16. Rxe7 $1 {[%mdl 512]} Nxd4 (16... Nxe7 17. Be5) 17. Qd3 Nxb5 18. Nxb5 Kxe7 19. Bd6+ Kd8 {[#]} 20. Rxf6 $1 {[%mdl 512]} gxf6 21. Qe2 {[%csl Gd6][%cal Re2e7]} Rc6 {[#]} 22. b4 $1 {[%mdl 512] White took control after the opening. Accuracy: White = 100%, Black = 37%.} 1-0

[Event "40th Plunge Open-A 2020"]
[Site "Plunge"]
[Date "2020.07.15"]
[Round "4.2"]
[White "Butvilas, Aistis"]
[Black "Sakalauskas, Vaidas"]
[Result "1/2-1/2"]
[WhiteElo "2103"]
[BlackElo "2335"]
[Annotator "TA"]
[PlyCount "79"]
[EventDate "2020.07.13"]
[EventType "swiss"]
[EventCountry "LTU"]
[SourceTitle "playchess.com"]
[Source "ChessBase"]
[SourceQuality "1"]

{[%evp 16,79,22,13,26,22,47,42,53,39,61,50,34,42,110,76,75,69,73,84,83,49,38,33,33,39,24,32,18,41,27,0,0,0,85,28,11,18,26,8,12,20,41,0,0,0,0,0,0,0,0,0,0,0,0,0,0,0,0,0,0,0,0,0,0,0]} 1. d4 Nf6 2. c4 g6 3. Nc3 Bg7 4. e4 O-O 5. Nf3 d6 6. h3 e5 7. d5 a5 8. Be3 Na6 9. g4 Nd7 {E90: King's Indian: Classical: Early deviations and 6 h3.} 10. a3 Nb6 $1 {[%mdl 4] is now more promising than 10...Nac5.} 11. Rg1 Kh8 {White is slightly better.} 12. Nd2 {[#]} Qe7 $146 ({Predecessor:} 12... Bd7 13. g5 Nc5 14. b3 f5 15. h4 Nxe4 16. Ndxe4 fxe4 17. h5 gxh5 18. Qxh5 Kg8 19. Nxe4 {1-0 (81) Lysyj,I (2627)-Vovk,Y (2539) Warsaw 2010}) 13. Bd3 Nc5 14. Bc2 f5 (14... Bd7 $14) 15. gxf5 (15. exf5 {keeps more tension.} gxf5 16. Qe2 Bd7 17. O-O-O Nca4 18. Nxa4 Nxa4 19. gxf5 e4 20. Nxe4 Bxb2+ 21. Kb1) 15... gxf5 16. exf5 Bxf5 17. Bxf5 Rxf5 18. Bxc5 dxc5 19. Nce4 Bh6 20. Qe2 Raf8 21. O-O-O Nc8 22. Kb1 Nd6 23. Rg4 (23. Nxd6 {feels hotter.} Rxf2 24. Qh5 Rxd2 25. Nxb7 Rxd1+ 26. Rxd1 Bg7 27. d6) 23... Bxd2 $1 24. Rxd2 Nxe4 (24... b6 $11) 25. Qxe4 (25. Rxe4 $16 Qf6 26. Ka2) 25... Rxf2 $11 26. Rxf2 Rxf2 {[%mdl 4096] Endgame KQR-KQR} 27. Rh4 Rf8 28. Rh6 Rf4 29. Qe2 {[%mdl 1024] White has compensation.} Rf6 $1 {[%cal Rf6h6] The position is equal.} 30. Rh4 Rf5 31. Qe4 Qf6 32. Ka2 b6 {[#]} 33. Rh6 $1 {[%mdl 512]} Qxh6 34. Qxf5 {KQ-KQ} Qd6 35. Qf7 a4 36. h4 h6 37. h5 Qd8 38. Qe6 Qd6 {[#] White must now prevent ...Qxe6.} 39. Qf7 Qd8 40. Qe6 {Accuracy: White = 81%, Black = 90%.} 1/2-1/2

[Event "40th Plunge Open-A 2020"]
[Site "Plunge"]
[Date "2020.07.15"]
[Round "4.3"]
[White "Laurusas, Tomas"]
[Black "Stremavicius, Pijus"]
[Result "1-0"]
[WhiteElo "2511"]
[BlackElo "2163"]
[Annotator "TA"]
[PlyCount "73"]
[EventDate "2020.07.13"]
[EventType "swiss"]
[EventCountry "LTU"]
[SourceTitle "playchess.com"]
[Source "ChessBase"]
[SourceQuality "1"]

{[%evp 9,73,16,13,13,27,0,4,0,22,-32,36,39,32,41,38,36,46,46,49,31,96,94,108,106,243,247,253,244,249,250,247,245,314,304,327,330,334,309,437,431,427,389,454,434,535,510,588,560,621,623,629,658,693,696,698,608,678,635,1343,1238,5318,5230,29984,29985,29984,29985]} 1. d4 d5 2. Bg5 c6 3. e3 h6 4. Bf4 Bf5 5. c4 e6 6. Qb3 {D00: 1 d4 d5: Unusual lines.} Qb6 7. Nc3 (7. c5 $5 {[%cal Rc5b6]} Qxb3 8. axb3 $11) 7... Nd7 8. Nf3 {The position is equal.} Ngf6 9. h3 {[#]} ({White should try} 9. c5 $11 Qxb3 10. axb3) 9... Rc8 $146 ({Black should play} 9... g5 $15 10. Bg3 Qxb3 11. axb3 Ne4) ({Predecessor:} 9... Ne4 10. c5 Qxb3 11. axb3 a6 12. b4 Rc8 13. Nxe4 Bxe4 14. Nd2 Be7 15. Nb3 Bd8 {1-0 (39) Nakamura,H (2741)-Aronian,L (2801) Moscow 2010}) 10. c5 $14 Qxb3 11. axb3 a6 12. Nd2 Be7 13. b4 {[%cal Bb3b4,Bb4b5,Bb5b6][%mdl 32]} Bd8 14. Nb3 Bc7 (14... O-O $14) 15. Bxc7 $16 Rxc7 {[#]} 16. b5 $1 {[%mdl 512]} O-O {[#] Black cannot hold the game after this.} (16... Nb8 $16) (16... axb5 17. Ra8+) 17. b6 $1 $18 {[%cal Rb6c7]} Rcc8 {[#]} 18. Na5 $1 Rb8 {[#]} 19. Bxa6 $1 {[%mdl 512]} bxa6 20. Nxc6 Rbe8 21. Rxa6 Nb8 22. Nxb8 Rxb8 23. Kd2 Rfc8 (23... e5 $142 24. Re1 (24. dxe5 Nd7 $16 {[%mdl 64] Double Attack}) 24... Rfe8) 24. b4 {[%cal Bb2b4,Bb4b5][%mdl 32]} e5 25. f3 ({Less strong is} 25. dxe5 Ne4+ 26. Nxe4 dxe4 $18) 25... exd4 26. exd4 Bd7 27. Re1 Kf8 28. Ra7 Re8 29. b5 Rxe1 30. Kxe1 Ke8 31. b7 {aiming for Ra8.} Kd8 {Black hopes to continue with ...Kc7.} 32. Ra8 {Black must now prevent b6.} Kc7 33. c6 Re8+ 34. Kd2 Be6 35. Na4 h5 36. Rxe8 Nxe8 37. Nc5 {Accuracy: White = 96%, Black = 35%.} 1-0

[Event "40th Plunge Open-A 2020"]
[Site "Plunge"]
[Date "2020.07.15"]
[Round "4.4"]
[White "Eigminas, Kipras"]
[Black "Juksta, Karolis"]
[Result "0-1"]
[WhiteElo "2116"]
[BlackElo "2366"]
[Annotator "ChessBase"]
[PlyCount "152"]
[EventDate "2020.07.13"]
[EventType "swiss"]
[EventCountry "LTU"]
[SourceTitle "playchess.com"]
[Source "ChessBase"]
[SourceQuality "1"]
[TimeControl "5400+30"]

1. e4 {[%emt 0:00:00]} e6 {[%emt 0:00:00]} 2. d4 {[%emt 0:00:05]} d5 {[%emt 0:00:00]} 3. Nc3 {[%emt 0:00:03]} Nf6 {[%emt 0:00:01]} 4. e5 {[%emt 0:00:06]} Nfd7 {[%emt 0:00:05]} 5. f4 {[%emt 0:00:04]} c5 {[%emt 0:00:05]} 6. Nf3 {[%emt 0:00:03]} Nc6 {[%emt 0:00:27]} 7. Be3 {[%emt 0:00:06]} h6 {[%emt 0:00:36]} 8. Qd2 {[%emt 0:16:06]} g5 {[%emt 0:00:09]} 9. fxg5 {[%emt 0:00:10]} cxd4 {[%emt 0:00:27]} 10. Nxd4 {[%emt 0:00:11]} Ndxe5 {[%emt 0:00:31]} 11. Be2 {[%emt 0:06:28]} hxg5 {[%emt 0:01:20]} 12. Bxg5 {[%emt 0:07:58]} Bh6 {[%emt 0:00:22]} 13. Bxh6 {[%emt 0:04:00]} Qh4+ {[%emt 0:00:14]} 14. g3 {[%emt 0:00:01]} Qxh6 {[%emt 0:00:27]} 15. Qxh6 {[%emt 0:03:42]} Rxh6 {[%emt 0:00:07]} 16. O-O-O {[%emt 0:00:11]} Bd7 {[%emt 0:04:23]} 17. h4 {[%emt 0:02:55]} Ke7 {[%emt 0:00:39]} 18. g4 {[%emt 0:16:50]} Rah8 {[%emt 0:01:28]} 19. h5 {[%emt 0:00:09]} Rg8 {[%emt 0:01:25]} 20. Nxc6+ {[%emt 0:01:53]} bxc6 {[%emt 0:02:55]} 21. Rdg1 {[%emt 0:01:31]} f6 {[%emt 0:01:00]} 22. Na4 {[%emt 0:03:22]} Nf7 {[%emt 0:05:58]} 23. Nc5 {[%emt 0:02:17]} e5 {[%emt 0:02:04]} 24. Rg3 {[%emt 0:02:27]} Kd6 {[%emt 0:04:49]} 25. Nb7+ Kc7 {[%emt 0:01:50]} 26. Nc5 {[%emt 0:03:43]} Bc8 {[%emt 0:07:59]} 27. Ra3 {[%emt 0:01:29]} Nd6 {[%emt 0:03:16]} 28. Rh4 {[%emt 0:04:08]} Rg5 {[%emt 0:08:01]} 29. b4 {[%emt 0:02:36]} Kb8 {[%emt 0:01:15]} 30. Bd1 {[%emt 0:08:29]} Nb5 {[%emt 0:03:37]} 31. Rd3 {[%emt 0:00:53]} e4 {[%emt 0:08:13]} 32. Re3 {[%emt 0:00:21]} Nd6 {[%emt 0:05:22]} 33. Re1 {[%emt 0:00:57]} Nc4 {[%emt 0:01:09]} 34. Nb3 {[%emt 0:02:44]} Ne5 {[%emt 0:00:58]} 35. Nd4 {[%emt 0:00:02]} Kc7 {[%emt 0:04:15]} 36. Re3 {[%emt 0:03:09]} Bxg4 {[%emt 0:05:16]} 37. Bxg4 {[%emt 0:00:33]} Rxg4 {[%emt 0:00:20]} 38. Rxg4 {[%emt 0:00:02]} Nxg4 {[%emt 0:00:08]} 39. Rg3 {[%emt 0:01:51]} Ne5 {[%emt 0:00:51]} 40. Rg7+ {[%emt 0:00:13]} Nd7 {[%emt 0:03:08]} 41. b5 {[%emt 0:00:47]} c5 {[%emt 0:02:12]} 42. Ne6+ {[%emt 0:00:41]} Kd6 {[%emt 0:00:11]} 43. Nf4 {[%emt 0:00:02]} d4 {[%emt 0:00:59]} 44. a4 {[%emt 0:00:34]} c4 {[%emt 0:06:56]} 45. Ne2 {[%emt 0:01:37]} Rxh5 {[%emt 0:04:17]} 46. Nxd4 {[%emt 0:00:01]} c3 {[%emt 0:00:50]} 47. Kb1 {[%emt 0:00:01]} Rc5 {[%emt 0:01:52]} 48. Ne2 {[%emt 0:03:03]} Rc4 {[%emt 0:00:59]} 49. Ka2 {[%emt 0:01:28]} Rxa4+ {[%emt 0:02:26]} 50. Kb3 {[%emt 0:00:01]} Nc5+ {[%emt 0:00:41]} 51. Kxc3 {[%emt 0:00:01]} Kd5 {[%emt 0:02:09]} 52. Kd2 {[%emt 0:00:47]} Ra3 {[%emt 0:00:38]} 53. c3 {[%emt 0:01:22]} f5 {[%emt 0:02:17]} 54. Ke3 {[%emt 0:01:09]} Ne6 {[%emt 0:01:49]} 55. Rd7+ {[%emt 0:02:41]} Ke5 {[%emt 0:00:13]} 56. Re7 {[%emt 0:00:04]} Kf6 {[%emt 0:01:10]} 57. Rd7 {[%emt 0:00:43]} Ra5 {[%emt 0:01:25]} 58. Rb7 {[%emt 0:01:17]} Ke5 {[%emt 0:00:56]} 59. Re7 {[%emt 0:00:01]} Kd6 {[%emt 0:00:01]} 60. Rf7 {[%emt 0:00:37]} Rxb5 {[%emt 0:01:29]} 61. Rxa7 {[%emt 0:00:01]} Rd5 {[%emt 0:00:18]} 62. Nd4 {[%emt 0:01:22]} Nxd4 {[%emt 0:01:01]} 63. cxd4 {[%emt 0:00:01]} Ke6 {[%emt 0:00:29]} 64. Rh7 {[%emt 0:00:51]} Rb5 {[%emt 0:00:21]} 65. Kf4 {[%emt 0:00:25]} Rb1 {[%emt 0:00:43]} 66. Rh8 {[%emt 0:00:47]} Rf1+ {[%emt 0:00:15]} 67. Kg5 {[%emt 0:00:37]} Rg1+ {[%emt 0:00:58]} 68. Kf4 {[%emt 0:00:05]} Rf1+ {[%emt 0:00:18]} 69. Kg5 {[%emt 0:00:03]} Rg1+ {[%emt 0:00:20]} 70. Kf4 {[%emt 0:00:13]} Rg4+ {[%emt 0:00:06]} 71. Ke3 {[%emt 0:00:03]} Rg3+ {[%emt 0:00:06]} 72. Kf4 {[%emt 0:00:02]} Rf3+ {[%emt 0:00:20]} 73. Kg5 {[%emt 0:00:00]} e3 {[%emt 0:00:16]} 74. Rd8 {[%emt 0:00:29]} f4 {[%emt 0:00:44]} 75. Ra8 {[%emt 0:02:09]} Rf2 {[%emt 0:00:12]} 76. Ra5 {[%emt 0:00:20]} e2 {[%emt 0:00:27]} 0-1